Súčasná svetová finančná a hospodárska kríza

Vznik a vývoj finančných a hospodárskych kríz. Vývoj svetovej ekonomiky. Vývoj ekonomiky na Slovensku.

Na minha lista:
Detalhes bibliográficos
Autor principal: Tomanovičová, Jana
Formato: Capítulo de Livro
Idioma:eslovaco
Assuntos:
Tags: Adicionar Tag
Sem tags, seja o primeiro a adicionar uma tag!

MARC

LEADER 00000naa a2200000 4500
001 0182637
005 20230908075845.9
041 0 |a slo 
044 |a CZ 
245 1 0 |a Súčasná svetová finančná a hospodárska kríza  |c Jana Tomanovičová 
520 |a Vznik a vývoj finančných a hospodárskych kríz. Vývoj svetovej ekonomiky. Vývoj ekonomiky na Slovensku. 
610 2 0 |a rozvoj trvalo udržateľný 
610 2 0 |a bubliny finančné 
610 2 0 |a USA 
610 2 0 |a Slovensko 
610 2 0 |a kríza hospodárska 
610 2 0 |a kríza finančná 
100 1 |a Tomanovičová, Jana